000 00711nam a2200229 i 4500
001 42103
003 ES-MaACL
005 20240521134252.0
007 t|
008 030312s1966 sp |||| | spa d
080 _a821.134.2-14.09"19"
080 _a821.134.2-1"19"(082.2)
245 0 3 _aUn cuarto de siglo de poesía española (1939-1964) /
_cJosé María Castellet.
250 _a4ª ed.
260 _aBarcelona :
_bSeix Barral,
_c1966.
300 _a554 p. ;
_c18 cm.
650 4 _aPoesía española-
_yS.XX-
_xHistoria y crítica.
_916167
650 4 _aPoesías españolas-
_yS.XX.
_916221
700 1 _aCastellet, J. M.,
_d1926-2014
_9156498
852 _aES-MaACL
_jC-31173
999 _c42103
_d42103